000 00422nam a22001457a 4500
999 _c2832
_d2832
008 200317b ||||| |||| 00| 0 eng d
082 0 0 _a340
_bI3911
110 _91651
_aGovernment of India
245 1 0 _aThe Factories act, 1948 (Act no. LXIII of 1948)
_cby Government of India
260 _aDelhi
_bGovernment of India
_c1951
300 _avi,42 p.
365 _d4.00
650 0 _aFactory Laws and Legislation
942 _cBK